| 000 | 004700000a22001810004500 | ||
|---|---|---|---|
| 005 | 20120302054852.0 | ||
| 942 | _cBOOK | ||
| 100 | _a Purandare,Krishanaaji Vaasudev | ||
| 100 | _a Aapate,Balwant Dattaatraya | ||
| 245 | _a Shivcharitra-Saahitya | ||
| 260 | _aPune:Datto Waaman Potdaar,1938 | ||
| 300 | _a134p. | ||
| 490 | _aBharat Itihaas Sanshodhak Mandal Granthmaalaa-50 | ||
| 040 | _aMAR | ||
| 365 | _b1.50/- | ||
| 650 | _aCharitra | ||
| 650 | _aShiv-Charitra | ||
| 999 |
_c346830 _d346827 |
||